3 Most Famous Cities in Dominica on a Map - Statistics

General Stats
  • This quiz has been taken 132 times
  • The average score is 2 of 3
Answers on the Map
Answers color-coded by a green-red scale on the quiz's map according to % correct below.
 
Answer Stats
Wiki Monthly Views Cityquiz Mention Rate Population Answers % Correct
11.36K 13.65% 14.72K Roseau
100%
1.06K 4.82% 4.17K Portsmouth
43%
0.35K 0.74% 2.41K Marigot
39%
No matching quizzes found
Score Distribution
Percent of People with Each Score
Percentile by Number Answered
Your Score History
You have not taken this quiz